Catálogo

DICCIONARIO DE PEDAGOGIA (Registro nro. 30671)

Detalles MARC
000 -LEADER
fixed length control field 00649nam a2200193 a 4500
001 - CONTROL NUMBER
control field 30671
005 - DATE AND TIME OF LATEST TRANSACTION
control field 20180713233930.0
008 - FIXED-LENGTH DATA ELEMENTS--GENERAL INFORMATION
fixed length control field 140415s2003 mx 000 0 spa d
020 ## - INTERNATIONAL STANDARD BOOK NUMBER
International Standard Book Number 9688605828
041 ## - LANGUAGE CODE
Language code of text/sound track or separate title spa
082 ## - DEWEY DECIMAL CLASSIFICATION NUMBER
Classification number 370.3
Item number SAA
100 1# - MAIN ENTRY--PERSONAL NAME
Personal name SAAVEDRA R. ,MANUEL
245 10 - TITLE STATEMENT
Title DICCIONARIO DE PEDAGOGIA
250 ## - EDITION STATEMENT
Edition statement 1a ed..
260 ## - PUBLICATION, DISTRIBUTION, ETC.
Place of publication, distribution, etc. MEXICO :
Name of publisher, distributor, etc. PAX,
Date of publication, distribution, etc. 2003
300 ## - PHYSICAL DESCRIPTION
Extent 169
Dimensions 10 x 2 x 18
520 ## - SUMMARY, ETC.
Summary, etc. ESTE TEXTO CONSTITUYE SOLAMENTE UN INSUMO INTRODUCTORIO AL ESTUDIO DE LAS IDEAS PEDAGOGICAS Y PUEDE CONTRIBUIR A ACLARAR LA ESPECIFICIDAD DE LOS TERMINOS MAS UTILIZADOS.
650 14 - SUBJECT ADDED ENTRY--TOPICAL TERM
Topical term or geographic name entry element PEDAGOGIA EN LA EDUCACION
Existencias
Withdrawn status Lost status Source of classification or shelving scheme Damaged status Not for loan Collection code Home library Current library Shelving location Date acquired Source of acquisition Total Checkouts Full call number Barcode Date last seen Price effective from Koha item type
    Dewey Decimal Classification     General Tehuacán Tehuacán Sala general 03/12/2013 Compra   370.3 SAA 505214 08/01/2025 03/12/2013 Libro